000
00304nam a22001337a 4500
008
170926b xxu||||| |||| 00| 0 eng d
020
_a
9781884834851
041
_a
eng
080
_a
37
100
_a
46
101
_a
EDU
245
_a
AN INTRODUCTION TO THEORIES OF CHILDHOOD
_c
DEWEY
942
_2
udc
_c
BK
999
_c
29881
_d
29881